000 01634cam a2200457 a 4500
001 125468
005 20230410120759.0
008 080501s2007 ck ab bs 000 0 spa d
035 _a15283690
010 _a 2008415009
020 _a9789584503244
020 _a9584503243
035 _a(OCoLC)ocn183810634
040 _aHLS
_cHLS
_dPIT
_dDLC
041 _aSpa
042 _alccopycat
043 _as-ck---
050 1 4 _aHV 6902
_bS211c 2007
082 0 0 _a303.60986
100 1 _aSánchez Torres, Fabio José.
245 1 4 _aLas cuentas de la violencia :
_bensayos económicos sobre el conflicto y el crimen en Colombia /
_cFabio Sánchez Torres ; coautores, Mario Chacón B. ... [et al.].
260 _aBogotá :
_bGrupo Editorial Norma :
_bUniversidad de los Andes, Facultad de Economía,
_cc2007.
300 _a485 p. :
_bill., maps ;
_c23 cm.
440 0 _aColección Vitral
500 _aIncludes statistics.
504 _aIncludes bibliographical references (p. 461-485).
650 0 _aCrime
_xEconomic aspects
_zColombia.
650 0 _aViolent crimes
_zColombia.
650 0 _aInsurgency
_xEconomic aspects
_zColombia.
651 0 _aColombia
_xEconomic conditions
_y20th century.
651 0 _aColombia
_xEconomic conditions
_y21st century.
650 0 _aViolence
_xEconomic aspects
_zColombia.
650 4 _aViolencia
_zColombia.
650 4 _aConflicto armado
_zColombia.
650 4 _aViolencia
_zColombia
_vEstadísticas.
650 4 _aConflicto armado
_xAspectos económicos
_zColombia .
700 1 _aChacón B., Mario.
923 _d20080323
_n7271
_sBO-CbLA
942 _2lcc
_cbk
946 _advf
999 _c51731
_d51731